ՀՀ Գիտությունների ազգային ակադեմիայի հիմնարար գիտական գրադարան  =   Fundamental Scientific Library of NAS RA

AIDS : (Record no. 525804)

MARC details
000 -LEADER
fixed length control field 01031nam a22002417a 4500
001 - CONTROL NUMBER
control field 1852813
003 - CONTROL NUMBER IDENTIFIER
control field AM-YEHGA
005 - DATE AND TIME OF LATEST TRANSACTION
control field 20260223160256.0
008 - FIXED-LENGTH DATA ELEMENTS--GENERAL INFORMATION
fixed length control field 220729s1989 wau||||| |||| 00| 0 eng d
020 ## - INTERNATIONAL STANDARD BOOK NUMBER
International Standard Book Number 0-309-03976-2
040 ## - CATALOGING SOURCE
Original cataloging agency AM-YeHGA
041 0# - LANGUAGE CODE
Language code of text/sound track or separate title eng
110 2# - MAIN ENTRY--CORPORATE NAME
Corporate name or jurisdiction name as entry element National Research Council (U.S.)
Subordinate unit Committee on AIDS Research and the Behavioral, Social, and Statistical Sciences
245 10 - TITLE STATEMENT
Title AIDS :
Remainder of title Sexual behavior and intravenous drug use /
Statement of responsibility, etc. Committee on AIDS Research and the Behavioral, Social, and Statistical Sciences; Commission on Behavioral and Social Sciences and Education, National Research Council ; Edt. : Charles F. Turner, Heather G. Miller, Lincoln E. Moses.
260 ## - PUBLICATION, DISTRIBUTION, ETC.
Place of publication, distribution, etc. Washington, D.C. :
Name of publisher, distributor, etc. National Academy Press,
Date of publication, distribution, etc. 1989.
300 ## - PHYSICAL DESCRIPTION
Extent xiii, 589 p.
650 14 - SUBJECT ADDED ENTRY--TOPICAL TERM
Topical term or geographic name entry element Health behavior
Geographic subdivision United States
650 14 - SUBJECT ADDED ENTRY--TOPICAL TERM
Topical term or geographic name entry element Epidemiology
General subdivision AIDS (Disease)
Geographic subdivision United States
700 1# - ADDED ENTRY--PERSONAL NAME
Personal name Turner, Charles F.
Relationship edt
700 1# - ADDED ENTRY--PERSONAL NAME
Personal name Miller, Heather G.
Relationship edt
700 1# - ADDED ENTRY--PERSONAL NAME
Personal name Moses, Lincoln E.
Relationship edt
942 ## - ADDED ENTRY ELEMENTS (KOHA)
Source of classification or shelving scheme Universal Decimal Classification
Koha item type Գրքեր / Books
Holdings
Withdrawn status Lost status Source of classification or shelving scheme Damaged status Not for loan Collection Home library Current library Date acquired Total checkouts Full call number Barcode Date last seen Price effective from Koha item type Public note
    Universal Decimal Classification     Avo Hovhanissian Individual Collection Fundamental Scientific Library Fundamental Scientific Library 29/07/2022   ԱՍՀ/82 FL0676794 29/07/2022 29/07/2022 Գրքեր / Books ILL Non-Circ.


ՀՀ ԳԱԱ հիմնարար գիտական գրադարան
ՀՀ,Երևան 0019
Մարշալ Բաղրամյան 24/6
հեռախոս:(374-10) 52-47-50
Հետադարձ կապ

All site content, except where otherwise noted, is licensed under a
Creative Commons License